Zeta-potentiale und flotierbarkeit von mineralen. / (Record no. 72330)
[ view plain ]
| 000 -LEADER | |
|---|---|
| fixed length control field | 00880nam a2200289 4500 |
| 001 - CONTROL NUMBER | |
| control field | 72330 |
| 003 - CONTROL NUMBER IDENTIFIER | |
| rucl marc code | BD-RjUL |
| 005 - DATE AND TIME OF LATEST TRANSACTION | |
| control field | 20211209082240.0 |
| 008 - FIXED-LENGTH DATA ELEMENTS--GENERAL INFORMATION | |
| fixed length control field | 170516s1973 n a b 001 0 eng d |
| 020 ## - INTERNATIONAL STANDARD BOOK NUMBER | |
| International Standard Book Number | 3211811044 |
| International Standard Book Number | 0387811044 |
| 035 ## - SYSTEM CONTROL NUMBER | |
| System control number | (BD-RjUL)72547 |
| 040 ## - CATALOGING SOURCE | |
| Original cataloging agency | DLC |
| Transcribing agency | DLC |
| Modifying agency | UKM |
| -- | BD-RjUL |
| Language of cataloging | eng |
| 041 1# - LANGUAGE CODE | |
| Language code of text/sound track or separate title | engger |
| 082 ## - DEWEY DECIMAL CLASSIFICATION NUMBER | |
| Classification number | 622.752 |
| Edition number | 23 |
| Author mark and year | NEZ 1973 |
| 100 1# - MAIN ENTRY--PERSONAL NAME | |
| Personal name | Ney, P. |
| 9 (RLIN) | 213896 |
| 245 10 - TITLE STATEMENT | |
| Title | Zeta-potentiale und flotierbarkeit von mineralen. / |
| Statement of responsibility, etc. | P. Ney |
| 260 ## - PUBLICATION, DISTRIBUTION, ETC. (IMPRINT) | |
| Place of publication, distribution, etc. | New York : |
| Name of publisher, distributor, etc. | Springer, |
| Date of publication, distribution, etc. | 1973. |
| 300 ## - PHYSICAL DESCRIPTION | |
| Pagination | viii,, 214 p. : |
| Illustrations | ill. ; |
| Size | 23 cm. |
| 490 ## - SERIES STATEMENT | |
| Series statement | Applied mineralogy technische mineralogie |
| Volume/sequential designation | 6 |
| 504 ## - BIBLIOGRAPHY, ETC. NOTE | |
| Bibliography, etc | Bibliography and Indexes |
| 650 #0 - SUBJECT ADDED ENTRY--TOPICAL TERM | |
| Topical term or geographic name as entry element | Nonmetallic minerals |
| 9 (RLIN) | 213897 |
| Topical term or geographic name as entry element | Flotation |
| 9 (RLIN) | 213898 |
| Topical term or geographic name as entry element | Zeta potential |
| 9 (RLIN) | 213899 |
| 830 ## - SERIES ADDED ENTRY--UNIFORM TITLE | |
| Uniform title | Applied mineralogy technische mineralogie |
| Volume number/sequential designation | 6 |
| 942 ## - ADDED ENTRY ELEMENTS (KOHA) | |
| Source of classification or shelving scheme | Dewey Decimal Classification |
| Koha item type | Books |
| Lost status | Source of classification or shelving scheme | Damaged status | Not for loan | Collection code | Permanent Location | Current Location | Shelving location | Date acquired | Source of acquisition | Cost, normal purchase price | Total Checkouts | Full call number | Date last seen | Copy number | Koha item type |
|---|---|---|---|---|---|---|---|---|---|---|---|---|---|---|---|
| Dewey Decimal Classification | Not For Loan | Non-fiction | Central Library, University of Rajshahi | Central Library, University of Rajshahi | Reading Room | 31/05/1979 | Heffer | 25.70 | 622.752 NEZ 1973 | 16/05/2017 | C-1 | Books | |||
| Dewey Decimal Classification | Non-fiction | Central Library, University of Rajshahi | Central Library, University of Rajshahi | 31/05/1979 | Heffer | 25.00 | 622.752 NEZ 1973 | 16/05/2017 | C-2 | Books |